| 000 | 01448 am a2200373 a 4500 | ||
|---|---|---|---|
| 005 | 20240527105039.0 | ||
| 008 | 100428s2005||||ag a f |||| 000 0 spa d | ||
| 020 | _a9509858986 | ||
| 041 | _aspa | ||
| 092 |
_c616.97 _l47 _sLEP |
||
| 100 | 1 |
_aLépori, Luis Raúl. _9472 |
|
| 245 |
_aAtlas. _bAsma bonquial y otros cuadros alérgicos / _cLuis Raúl Lépori. |
||
| 250 | _a1a ed. | ||
| 260 |
_aBuenos Aires: _bECSA; _c2004. |
||
| 300 |
_a34 p. _bil. _c23x16 cm. |
||
| 500 | _aLépori, L. R. (2004). Atlas. Asma bronquial y otros cuadros alérgicos. (1a ed.). Buenos Aires : ECSA. | ||
| 653 | _aAsma bronquial | ||
| 653 | _aMecanismos de hiperreactividad bronquial | ||
| 653 | _aInflamación bronquial en el asma | ||
| 653 | _aCélulas y efectores moleculares de la inflamación bronquial en el asma | ||
| 653 | _aBroncoconstricción en el asma | ||
| 653 | _aHipersecreción bronquial en el asma | ||
| 653 | _aFactores desencadenantes de las crisis asmáticas | ||
| 653 | _aRepercusión del asma moderada y severa sobre la función pulmonar | ||
| 653 | _aConjuntivitis alérgica | ||
| 653 | _aQueratoconjuntivitis vernal y conjuntivitis papilar gigante | ||
| 653 | _aAlergia alimentaria | ||
| 653 | _aMecanismos involucrados en la alergia a los alimentos | ||
| 653 | _aManifestaciones clínicas en la alergia alimentaria | ||
| 653 | _aAlergia medicamentosa | ||
| 653 | _aAnafilaxia | ||
| 930 | _a2110 | ||
| 942 |
_2ddc _cBK |
||
| 999 |
_c274 _d274 |
||